000 03379cam a22004934i 4500
003 PE-LiUPU
005 20250731165418.0
008 151211s2000 pe grm 000 0 spa d
035 _a(Sirsi) a155496
040 _aPE-LiUPU
_bspa
_cPE-LiUPU
_erda
082 0 4 _a232.957
_bP43 T3
099 _aTT 3 P43 2000
100 1 _aPeña Castillo, Joel
_eautor
245 1 _aTrasfondo veterotestamentario de la cena del Señor y su relación con la pascua a partir de su institución según Éxodo 12:21-28 /
_cJoel Peña Castillo.
264 0 _c2000.
300 _a155 hojas
_c30 cm
336 _atext
_2rdacontent
337 _aunmediated
_2rdamedia
338 _avolume
_2rdacarrier
502 _aTesis
_b(Mg.) --
_cUniversidad Peruana Unión,
_d2000.
504 _aIncluye referencias
520 3 _aEl primer día de la fiesta de los panes sin levadura, cuando sacrificaban el cordero de la pascua, sus discípulos le dijeron: ¿dónde quieres que vayamos a preparar para que comas la pascua? Y envío dos de sus discípulos, y les dijo: id a la ciudad, y os saldrá al encuentro que lleva un cántaro de agua; seguidle y donde entrare, decid al señor de la casa: el Maestro dice: ¿dónde está el aposento donde he de comer la pascua con mis discípulos? Y el mostrara un gran aposento alto ya dispuesto; preparad para nosotros allí. Fueron sus discípulos a la ciudad y hallaron como les había dicho; y prepararon la pascua. Después de haber estudiado el trasfondo veterotestamentario de la cena del Señor y su relación con la pascua a partir de su institución según Éxodo 12:21-28, es preciso mencionar tres aspectos. En primer lugar, aunque los sacrificios eran practicados con anterioridad al éxodo como fue el de Abel (Heb. 11:4), de Noé (Gn. 8:20), de Abrahán (Gn. 13:18) y de Jacob (Gn. 46:1, la pascua, a pesar de ser un sacrificio, estaba totalmente fuera del orden de todos ellos porque había establecida y observada antes que existieran los sacrificios levíticos; antes que fuera promulgado el Decálogo y aún antes que el pacto fuera ratificado con sangre (Ex.24). En segundo lugar, de acuerdo al registro veterotestamentario, "cada sacrificio" prefiguraba la obra de Jesús, pero ninguno había que pudiera conmemorar su muerte de una forma tan adecuada o la gran liberación que conllevaba además de la unión y comunión que nacían de ella. En tercer lugar, ambas ceremonias tienen similitudes. La pasca, como la cena del Señor, es comida sagrada. Como comida, celebra la provisión de Dios para las necesidades humanas en términos de alimentación y sustento.
526 _aSEG44
526 _aSEG26
526 _aP151
526 _aP150
526 _aP149
526 _aP146
526 _aP145
526 _aP126
526 _aP125
526 _aP92
526 _aP75
526 _aP74
526 _aP27
526 _aP15
650 0 4 _aEucaristía
_xEnseñanza bíblica.
650 0 4 _aÚltima cena
_xEnseñanza bíblica.
630 _aBiblia
_pA.T.
_pExodo 12:21-28
_xComentarios.
596 _a1
942 _2ddc
_cTESIS
999 _aTT 3 P43 2000
_wALPHANUM
_c8174
_iT00408
_lCCODEBUL3
_mBUL
_r1
_sY
_tTESIS
_u2015-12-11
_xPOSGRADO
_PP85
_o.STAFF. Tesis
_d8174
999 _aTT 3 P43 2000
_wALPHANUM
_c2
_iT00978
_lCATALOGING
_mBUL
_r0
_sY
_tTESIS
_u2016-8-10
_xPOSGRADO
_PP85
_o.STAFF. Tesis
980 _81
_gALBERTO SANCHEZ Responsable de Automatización